Statistics for States by Pop Culture Reference

Click here to take the quiz!

General Stats

  • This quiz has been taken 120 times
  • The average score is 27 of 50

Answer Stats

Answer% Correct
Sweet Home {Alabama}
85%
{Kentucky} Fried Chicken
76%
{Washington}, District of Columbia
75%
Hotel {California}
74%
{Florida} Keys
72%
The {Oregon} Trail
70%
Sierra {Nevada}
69%
{Louisiana} Gumbo
68%
Lake {Michigan}
67%
{Texas} Hold'em
67%
{Colorado} Rockies
65%
{Hawaii} Five-O
65%
{Idaho} Potatoes
65%
{Georgia} on My Mind
64%
{Ohio} State Buckeyes
64%
{New York} State of Mind
63%
{Tennessee} Whiskey
62%
{Oklahoma}! (musical)
60%
{Virginia} Woolf
59%
1600 {Pennsylvania} Avenue
58%
Baked {Alaska}
57%
{Maine} Lobster
57%
{Indiana} Hoosier
55%
Joe {Montana}
55%
{Mississippi} Mud Pie
55%
{Nebraska} Cornhuskers
55%
{Minnesota} Twins
53%
{North Carolina} Tar Heels
53%
{Utah} Jazz
53%
Bleeding {Kansas}
52%
{Missouri} Compromise
51%
{Maryland} Crab Cake
50%
{Arkansas} Razorbacks
48%
{South Carolina} Gamecocks
46%
{Wisconsin} Badgers
45%
A {Connecticut} Yankee in King Arthur's Court
44%
{Iowa} Sweet Corn
44%
{West Virginia} Mountaineers
43%
{Delaware} Blue Hen
42%
{New Jersey} Devils
41%
{Arizona} Iced Tea
38%
{Wyoming} Cowboys and Cowgirls
38%
{Massachusetts} Bay Company
35%
{Rhode Island} School of Design
35%
{Vermont} Republic
35%
{New Mexico} Chile
34%
{North Dakota} Fighting Hawks
31%
{South Dakota} Jackrabbits
31%
{Illinois} Confederation
28%
{New Hampshire} Red Chicken
26%

Score Distribution

Percentile by Number Answered

Percent of People with Each Score

Your Score History

You have not taken this quiz